Modelling of owner-occupiers' perception of small-scale maintenance expectation - part one (Record no. 118236)
[ view plain ]
| 000 -LEADER | |
|---|---|
| fixed length control field | 01789cam a2200253 4500 |
| 001 - CONTROL NUMBER | |
| control field | ABS68304 |
| 008 - FIXED-LENGTH DATA ELEMENTS--GENERAL INFORMATION | |
| fixed length control field | 041027n2004 000 0 eng u |
| 035 ## - SYSTEM CONTROL NUMBER | |
| System control number | (Sirsi) u127837 |
| 100 ## - MAIN ENTRY--PERSONAL NAME | |
| Personal name | Kangwa, J. |
| 245 ## - TITLE STATEMENT | |
| Title | Modelling of owner-occupiers' perception of small-scale maintenance expectation - part one |
| 260 ## - PUBLICATION, DISTRIBUTION, ETC. | |
| Date of publication, distribution, etc. | 2004 |
| 490 ## - SERIES STATEMENT | |
| Series statement | Structural Survey |
| Volume/sequential designation | 22(4) 2004, 194-200(7) |
| 520 ## - SUMMARY, ETC. | |
| Summary, etc. | Paper sets out to detect and explore underlying causes of increasing uncertainty and lack of transparency in the home maintenance sector. The study gives an account of owner-occupiers' experience on the standards of work they encounter with small-scale domestic traders. Part one of the study focuses on the consensus ranking of 13 building maintenance standards or attributes that owner-occupiers expect from builders, whilst part two focuses on the contrast between expectations and the actual standards that owner-occupiers observe from builders. The application of nonparametric statistical techniques enabled the study to discover a concensus on what defines expectations and how these differ from observed standards. The final inventory generated on standard attributes is essential information for existing builders, new entrants in the domestic sector and can be used to inform housing regeneration professionals and agencies involved in the design and management of schemes for small scale builders. Diagrams, tables and references. [Taken from journal abstract] |
| 590 ## - LOCAL NOTE (RLIN) | |
| Local note | ABS |
| 590 ## - LOCAL NOTE (RLIN) | |
| Local note | ABS |
| 650 ## - SUBJECT ADDED ENTRY--TOPICAL TERM | |
| Topical term or geographic name entry element | CUSTOMER SATISFACTION |
| 650 ## - SUBJECT ADDED ENTRY--TOPICAL TERM | |
| Topical term or geographic name entry element | BUILDERS |
| 650 ## - SUBJECT ADDED ENTRY--TOPICAL TERM | |
| Topical term or geographic name entry element | SKILLED PERSONNEL |
| 650 ## - SUBJECT ADDED ENTRY--TOPICAL TERM | |
| Topical term or geographic name entry element | RESIDENTIAL PROPERTY |
| 9 (RLIN) | 6266 |
| 650 ## - SUBJECT ADDED ENTRY--TOPICAL TERM | |
| Topical term or geographic name entry element | OWNER-OCCUPIERS |
| 690 ## - LOCAL SUBJECT ADDED ENTRY--TOPICAL TERM (OCLC, RLIN) | |
| Topical term or geographic name as entry element | BUILDING AND CONSTRUCTION-REPAIRS AND MAINTENANCE |
| 700 ## - ADDED ENTRY--PERSONAL NAME | |
| Personal name | Olubodun, F. |
| 942 ## - ADDED ENTRY ELEMENTS (KOHA) | |
| Suppress in OPAC | 0 |
| Withdrawn status | Lost status | Source of classification or shelving scheme | Damaged status | Not for loan | Home library | Current library | Shelving location | Date acquired | Total Checkouts | Full call number | Barcode | Date last seen | Copy number | Price effective from | Koha item type |
|---|---|---|---|---|---|---|---|---|---|---|---|---|---|---|---|
| Dewey Decimal Classification | London | London | Journal article | 27/10/2004 | ABS68304 | 127837-1001 | 06/08/2019 | 1 | 06/08/2019 | Journal article |